[Event "IECC CL6-2022.01 email"]
[Site "IECC email"]
[Date "2022.03.29"]
[Round "?"]
[White "Hutton, Andrew"]
[Black "Montoya, Jorge"]
[Result "0-1"]
[WhiteElo "1283"]
[BlackElo "1381"]
[PlyCount "60"]
[EventDate "2022.??.??"]
[EventType "tourn (corr)"]
[EventRounds "4"]
[SourceTitle "Corr 2024"]
[Source "ChessBase"]
[SourceDate "2023.10.19"]
[SourceVersion "1"]
[SourceVersionDate "2023.10.19"]
[SourceQuality "1"]
[WhiteTeam "Hongkong"]
[BlackTeam "Kolumbien"]
[WhiteTeamCountry "HKG"]
[BlackTeamCountry "COL"]

1. d4 d5 2. Nc3 c5 3. Nf3 Nc6 4. g3 Bg4 5. Bg2 e6 6. 0-0 Bxf3 7. Bxf3 cxd4 8. Nb1 Nf6 9. Nd2 Be7 10. Bg2 0-0 11. a3 a5 12. Re1 Qb6 13. b3 Rfc8 14. Bb2 Bc5 15. Nf1 Ne4 16. Qd3 Ne5 17. Qd1 Ng4 18. Bxe4 dxe4 19. h3 Ne5 20. Kh2 Rd8 21. Qb1 Rac8 22. Kg2 Qc6 23. Nh2 Bb6 24. Rc1 h5 25. Qa2 e3+ 26. f3 h4 27. g4 Ng6 28. a4 Qd6 29. Nf1 Nf4+ 30. Kh1 Nxe2 0-1

[Event "IECC CL6-2019.02 email"]
[Site "IECC email"]
[Date "2019.10.07"]
[Round "?"]
[White "Phillips, Dave"]
[Black "Montoya, Jorge"]
[Result "0-1"]
[WhiteElo "1143"]
[BlackElo "1364"]
[PlyCount "68"]
[EventDate "2019.??.??"]
[EventType "tourn (corr)"]
[EventRounds "4"]
[SourceTitle "Corr 2024"]
[Source "ChessBase"]
[SourceDate "2023.10.19"]
[SourceVersion "1"]
[SourceVersionDate "2023.10.19"]
[SourceQuality "1"]
[WhiteTeam "England"]
[BlackTeam "Kolumbien"]
[WhiteTeamCountry "ENG"]
[BlackTeamCountry "COL"]

1. e4 e6 2. d4 d5 3. Nc3 Bb4 4. Bd2 dxe4 5. Nge2 Nf6 6. a3 Bxc3 7. Bxc3 Nc6 8. g3 b6 9. Bg2 Bb7 10. 0-0 Ne7 11. f3 exf3 12. Bxf3 Bxf3 13. Rxf3 Ng6 14. Bb4 a5 15. Bc3 Qd5 16. Qf1 0-0 17. Rd1 Ne4 18. Nf4 Nxf4 19. Rxf4 Rad8 20. Re1 Nxc3 21. bxc3 Qa2 22. Qd3 Qxa3 23. Rh4 h6 24. Kg2 Rfe8 25. Qf3 Qd6 26. Rf1 Qd5 27. Qxd5 exd5 28. Rhf4 Rd7 29. Kh3 Re2 30. R4f2 Rde7 31. Rf5 c6 32. R5f2 Rxf2 33. Rxf2 Re1 34. Kg4 a4 0-1

[Event "IECC Swiss-476.2"]
[Site "IECC email"]
[Date "2004.06.19"]
[Round "?"]
[White "Keiper, Archie"]
[Black "Montoya, Jorge"]
[Result "0-1"]
[WhiteElo "1818"]
[BlackElo "1176"]
[PlyCount "84"]
[EventDate "2004.??.??"]
[EventType "swiss (corr)"]
[EventRounds "1"]
[SourceTitle "Corr 2020"]
[Source "ChessBase"]
[SourceDate "2019.09.30"]
[SourceVersion "1"]
[SourceVersionDate "2019.09.30"]
[SourceQuality "1"]
[WhiteTeam "United States"]
[BlackTeam "Colombia"]
[WhiteTeamCountry "USA"]
[BlackTeamCountry "COL"]

1. e4 c5 2. d4 cxd4 3. Nf3 Nc6 4. c3 Nf6 5. e5 Nd5 6. cxd4 d6 7. Bc4 Nb6 8. Bb5 dxe5 9. Nxe5 Bd7 10. Bxc6 Bxc6 11. Nxc6 bxc6 12. Nc3 g6 13. 0-0 Bg7 14. Re1 Qxd4 15. Qf3 Qf6 16. Qg3 Qf5 17. Bf4 0-0 18. Be5 Bh6 19. f4 f6 20. Bc7 Rac8 21. Bxb6 Bxf4 22. Qf2 axb6 23. Qxb6 Be5 24. Qb3+ Kh8 25. Qc4 Rfd8 26. Rad1 Rxd1 27. Nxd1 Rd8 28. a4 Qh5 29. Nf2 Qxh2+ 30. Kf1 Bd4 31. Rxe7 Qf4 32. Re2 c5 33. Qf7 Bxf2 34. Re8+ Rxe8 35. Qxe8+ Kg7 36. Ke2 Qd4 37. b3 Bg1 38. Qe6 Qe5+ 39. Qxe5 fxe5 40. Kf3 Kf6 41. a5 Ke6 42. a6 c4 0-1

[Event "IECC KO-1029"]
[Site "IECC email"]
[Date "2003.11.24"]
[Round "?"]
[White "Heyvaert, Philippe"]
[Black "Montoya, Jorge"]
[Result "0-1"]
[WhiteElo "1362"]
[BlackElo "1102"]
[PlyCount "102"]
[EventDate "2003.??.??"]
[EventType "match (corr)"]
[EventRounds "2"]
[SourceTitle "Corr 2020"]
[Source "ChessBase"]
[SourceDate "2019.09.30"]
[SourceVersion "1"]
[SourceVersionDate "2019.09.30"]
[SourceQuality "1"]
[WhiteTeam "Belgium"]
[BlackTeam "Colombia"]
[WhiteTeamCountry "BEL"]
[BlackTeamCountry "COL"]

1. d4 Nf6 2. c4 e6 3. Nf3 b6 4. e3 Bb7 5. Bd3 Be7 6. 0-0 0-0 7. Nc3 d5 8. cxd5 exd5 9. Ne5 c5 10. Qf3 Nc6 11. Nxc6 Bxc6 12. Rd1 Qc7 13. h3 Rfe8 14. Bd2 Bf8 15. a4 Ne4 16. dxc5 bxc5 17. Bb5 Rab8 18. Nxe4 dxe4 19. Qe2 Red8 20. Bc3 Rxd1+ 21. Qxd1 Rd8 22. Qg4 g6 23. Qg5 Be7 24. Be5 Qd7 25. Qh6 f6 26. Bc4+ Bd5 27. Rd1 Qe6 28. Bc7 Rd7 29. Rxd5 Rxd5 30. Kh2 Kh8 31. Bg3 Qf5 32. Bxd5 Qxd5 33. Qf4 Qb7 34. Qb8+ Qxb8 35. Bxb8 a6 36. Kg3 f5 37. Kf4 Kg7 38. Ke5 Bf6+ 39. Kd5 Bxb2 40. Be5+ Bxe5 41. Kxe5 h5 42. h4 c4 43. Kd4 g5 44. Kxc4 gxh4 45. Kb4 Kf6 46. Ka5 f4 47. exf4 Kf5 48. Kxa6 Kxf4 49. a5 h3 50. gxh3 Kf3 51. Kb6 Kxf2 0-1

[Event "IECC Swiss-464.2"]
[Site "IECC email"]
[Date "2003.10.23"]
[Round "?"]
[White "Jonsson, Gudbrandur"]
[Black "Montoya, Jorge"]
[Result "0-1"]
[WhiteElo "1657"]
[BlackElo "1044"]
[PlyCount "114"]
[EventDate "2003.??.??"]
[EventType "swiss (corr)"]
[EventRounds "1"]
[SourceTitle "Corr 2020"]
[Source "ChessBase"]
[SourceDate "2019.09.30"]
[SourceVersion "1"]
[SourceVersionDate "2019.09.30"]
[SourceQuality "1"]
[WhiteTeam "Iceland"]
[BlackTeam "Colombia"]
[WhiteTeamCountry "ISL"]
[BlackTeamCountry "COL"]

1. d4 d5 2. Nf3 Nf6 3. e3 c5 4. dxc5 e6 5. b4 a5 6. c3 axb4 7. cxb4 b6 8. Bb5+ Bd7 9. Bxd7+ Qxd7 10. cxb6 Bxb4+ 11. Bd2 Bc5 12. Ne5 Qb7 13. Bc3 Bxb6 14. 0-0 0-0 15. Qf3 Ne4 16. Rc1 Rc8 17. Nd3 Ba5 18. Bb2 Rxc1+ 19. Bxc1 Nc6 20. Qe2 Nb4 21. Nxb4 Bxb4 22. f3 Bd6 23. Bb2 Rb8 24. fxe4 Qxb2 25. Qxb2 Rxb2 26. Nc3 Rc2 27. Nb5 Bc5 28. Nd4 Bxd4 29. exd4 dxe4 30. a4 Rc6 31. a5 Ra6 32. Kf2 f5 33. Ke3 Kf7 34. Ra2 Ke7 35. h3 Kd6 36. Kf4 Kd5 37. Ra4 g5+ 38. Kxg5 e3 39. Ra2 Ke4 40. h4 h6+ 41. Kh5 Kf4 42. Re2 Rxa5 43. Kxh6 Rd5 44. Re1 Rxd4 45. Kg6 Rd2 46. h5 Rxg2+ 47. Kf7 Rh2 48. Kxe6 Rxh5 49. Kf7 Rh2 50. Kf6 e2 51. Ra1 Rh6+ 52. Ke7 Kf3 53. Kd7 Kf2 54. Ke7 e1Q+ 55. Rxe1 Kxe1 56. Kf7 f4 57. Kg7 Ra6 0-1